| 000 | 01211nam a2200265Ia 4500 | ||
|---|---|---|---|
| 999 |
_c54682 _d54682 |
||
| 001 | 21749 | ||
| 003 | GE_BSU | ||
| 005 | 20220211154937.0 | ||
| 008 | 181216s ||||ge |||||||||||||| ||geo|| | ||
| 020 | _a5-520-00363-7 | ||
| 040 | _cGE_BSU | ||
| 041 | _ageo | ||
| 080 | _a811.353.1'373.6 ე-87 | ||
| 245 |
_aეტიმოლოგიური ძიებანი : _bსტატიების კრებული / _cსარედ. კოლ. : ა. არაბული, კ. დანელია და სხვ. ; რედ. ქ. ლომთათიძე. |
||
| 264 |
_aთბილისი : _bმეცნიერება, _c1989. |
||
| 300 |
_a137 გვ. ; _c21 სმ. |
||
| 541 | _h4 ლ. | ||
| 546 | _aსტატიების ბოლოს რეზიუმე რუსულ ენაზე | ||
| 653 | _aეტიმოლოგიური ძიებანი | ||
| 653 | _aსტატიების კრებული | ||
| 653 | _aქართული ენა | ||
| 653 | _aქართული ენის ეტიმოლოგია | ||
| 700 |
_a ლომთათიძე, ქ. _eრედაქტორი _913533 |
||
| 942 |
_cBK _2udc |
||